Paroles - Euro 2016 : J'préfère te prévenir - Lolywood - Statistiques

Statistiques générales
  • Ce quiz a été pris 25 fois
  • Le résultat moyen est 230 sur 321
Statistiques - réponses
Réponse % Correct
je
100%
Je
100%
j'préfère
100%
J'préfère
100%
juin
100%
prévenir
100%
prevenir
100%
te
100%
10
94%
à
94%
c'est
94%
"c'est
94%
d'
94%
de
94%
est
94%
et
94%
Et
94%
la
94%
La
94%
le
94%
les
94%
l'Euro
94%
mat'
94%
me
94%
moi
94%
moi"
94%
On
94%
on
94%
Tu
94%
tu
94%
va
94%
va"
94%
vais
94%
au
88%
des
88%
dès
88%
du
88%
en
88%
mois
88%
pas
88%
plus
88%
qu'
88%
se
88%
sortir
88%
sur
88%
ta
88%
tout
88%
un
88%
aussi
81%
bière
81%
ca
81%
Ca
81%
ça
81%
"ça
81%
dire
81%
dure
81%
fera
81%
match
81%
nous
81%
parti
81%
qu'à
81%
Si
81%
chez
75%
chips
75%
mais
75%
Mais
75%
nourrir
75%
Pour
75%
pour
75%
que
75%
tes
75%
Tes
75%
aujourd'hui
69%
aux
69%
bien
69%
Ch'tis
69%
Entre
69%
l'amour
69%
mère
69%
Pierre
69%
qu'un
69%
règles
69%
sera
69%
sûrement
69%
vas
69%
voilà
69%
3
63%
enfin
63%
faire
63%
iPad
63%
lire
63%
midi
63%
Ne
63%
ou
63%
Ou
63%
t'auras
63%
tous
63%
car
56%
dis
56%
divertir
56%
fesses
56%
foot"
56%
f'ra
56%
heures
56%
hors-jeu
56%
Internet
56%
jouir
56%
même
56%
Ménès
56%
mes
56%
Paris Match
56%
penserai
56%
raterai
56%
Regarde
56%
remballe
56%
Seul
56%
sourire
56%
télé
56%
ton
56%
une
56%
aire
50%
amis
50%
avec
50%
Contre
50%
contre
50%
d'autoroute
50%
devenir
50%
grave
50%
jusqu'à
50%
lourd
50%
Pattaya
50%
qu'du
50%
réfléchir
50%
réflechir
50%
vacances
50%
veux
50%
Bleus
44%
dormir
44%
d'vant
44%
enfer
44%
France
44%
levé
44%
l'Italie
44%
materas
44%
nuits
44%
quand
44%
sanglant
44%
serai
44%
shots
44%
soupire
44%
tequila
44%
vivre
44%
aller
38%
comme
38%
j'regarderai
38%
l'aprèm
38%
l'etendard
38%
Matuidi
38%
n'auront
38%
passe
38%
prends
38%
ptet
38%
sprint
38%
tête
38%
toutes
38%
Toutes
38%
devrais
31%
ferai
31%
fois
31%
Ils
31%
m'envahir
31%
moindre
31%
offrir
31%
ralentis
31%
toi
31%
tyrannie
31%
fait
25%
rien
25%
sans
25%
t'fra
25%
trop
25%
100
19%
agressif
19%
évite
19%
J'materai
19%
m'éclater
19%
pouvoir
19%
Attends
13%
comprends
13%
partir
13%
pire
13%
redifs
13%
surtout
13%
J'deviendrai
6%
Aucun quiz correspondant
Distribution des résultats
% des personnes avec chaque résultat
Percentile par nombre de réponses
Votre historique - résultats
Vous n’avez pas pris ce quiz